000 00438nam a2200121Ia 4500
008 220204s9999 xx 000 0 und d
082 _a633/635(085)
_bHOR
245 0 _aNational seminar on horticulture for sustainable income and environmental protection 24-26 February 2004 : Souvenir
260 _aNagaland University
_bDepartment of Horticulture
_c2004
650 _aMedicinal plants
650 _aPlantation crops research
942 _cBK
999 _c44118
_d44118